[Event "Mislata op 53rd"]
[Site "Mislata"]
[Date "2019.08.21"]
[Round "4"]
[White "Aledo Yanguas, David"]
[Black "Balada Moreno, Jose Luis"]
[Result "1-0"]
[WhiteElo "1959"]
[BlackElo "2022"]
[PlyCount "81"]
[EventDate "2019.08.19"]
[EventType "swiss"]
[EventRounds "9"]
[EventCountry "ESP"]
[SourceTitle "EXT 2020"]
[Source "ChessBase"]
[SourceDate "2019.10.17"]
[SourceVersion "1"]
[SourceVersionDate "2019.10.17"]
[SourceQuality "1"]

1. e4 d6 2. d4 Nf6 3. Nc3 c6 4. Nf3 Qa5 5. Bd2 e5 6. Nd5 Qd8 7. Nxf6+ Qxf6 8. Bg5 Qg6 9. dxe5 Qxe4+ 10. Be2 h6 11. Bh4 Bg4 12. Bg3 dxe5 13. 0-0 Be7 14. Re1 0-0 15. Nxe5 Bxe2 16. Rxe2 Qf5 17. Nd7 Nxd7 18. Rxe7 Nb6 19. Qd3 Qxd3 20. cxd3 Rad8 21. Rxb7 Rxd3 22. Rxa7 Rd2 23. b3 Re8 24. a4 Nd5 25. Bd6 Nc3 26. Bc5 Ra2 27. Rf1 Rb8 28. Re1 Rxb3 29. Re8+ Kh7 30. g3 Rxa4 31. Rxf7 Ne4 32. Bf8 Kg6 33. Rxg7+ Kf6 34. Rge7 Ng5 35. Bxh6 Nf3+ 36. Kg2 Rg4 37. Be3 Ne1+ 38. Kh3 Rc4 39. Re6+ Kf7 40. R8e7+ Kg8 41. Bh6 1-0

[Event "Mislata op 52nd"]
[Site "Mislata"]
[Date "2018.08.10"]
[Round "7"]
[White "Balada Moreno, Jose Luis"]
[Black "Macias Pino, Diego"]
[Result "1-0"]
[WhiteElo "2056"]
[BlackElo "1998"]
[PlyCount "79"]
[EventDate "2018.08.06"]
[EventType "swiss"]
[EventRounds "9"]
[EventCountry "ESP"]
[SourceTitle "CBM 185 Extra"]
[Source "ChessBase"]
[SourceDate "2018.07.29"]
[SourceVersion "1"]
[SourceVersionDate "2018.07.29"]
[SourceQuality "1"]

1. Nf3 d5 2. g3 Nf6 3. Bg2 Bg4 4. d3 c6 5. Nbd2 Nbd7 6. 0-0 e5 7. e4 Bd6 8. Re1 0-0 9. h3 Bh5 10. Nf1 Bg6 11. g4 dxe4 12. dxe4 Nc5 13. N3d2 Qc7 14. Ng3 Rfd8 15. Qf3 Ne6 16. Nc4 Nd4 17. Qd1 Be7 18. c3 Ne6 19. Qf3 b5 20. Ne3 h6 21. Nef5 Nh7 22. h4 Bf8 23. Ne3 Nf4 24. Bf1 Be7 25. Nef5 Bf6 26. Be3 Nf8 27. a4 a6 28. axb5 axb5 29. Red1 Qb7 30. Bxf4 Rxd1 31. Rxd1 exf4 32. Qxf4 Ne6 33. Qf3 Ra2 34. Nxh6+ Kh8 35. h5 Bh7 36. e5 Ng5 37. Qf4 Ne6 38. exf6 gxh6 39. Qxh6 Qb8 40. Bd3 1-0

[Event "Mislata op 52nd"]
[Site "Mislata"]
[Date "2018.08.06"]
[Round "1"]
[White "Castella Garcia, Fausto"]
[Black "Balada Moreno, Jose Luis"]
[Result "1/2-1/2"]
[WhiteElo "2344"]
[BlackElo "2056"]
[PlyCount "60"]
[EventDate "2018.08.06"]
[EventType "swiss"]
[EventRounds "9"]
[EventCountry "ESP"]
[SourceTitle "CBM 185 Extra"]
[Source "ChessBase"]
[SourceDate "2018.07.29"]
[SourceVersion "1"]
[SourceVersionDate "2018.07.29"]
[SourceQuality "1"]

1. e4 g6 2. d4 Bg7 3. Nc3 d6 4. f4 a6 5. Nf3 b5 6. Bd3 Nd7 7. e5 c5 8. Be4 Rb8 9. Be3 cxd4 10. Bxd4 dxe5 11. fxe5 e6 12. Ba7 Rb7 13. Bxb7 Bxb7 14. Qe2 Qc7 15. Bd4 Ne7 16. Ne4 Bxe4 17. Qxe4 0-0 18. 0-0 Nc6 19. c3 Ndxe5 20. Nxe5 Nxe5 21. Rae1 Nc4 22. Bxg7 Kxg7 23. Rf2 Kg8 24. b3 Nb6 25. Qe5 Qxe5 26. Rxe5 Rc8 27. Re3 Nd5 28. Ref3 Nxc3 29. Rxf7 Ne4 30. R2f4 e5 1/2-1/2

[Event "Valencia Region-ch"]
[Site "Valencia"]
[Date "2016.10.01"]
[Round "1"]
[White "Balada Moreno, Jose Luis"]
[Black "Lozano Gil, Jose Luis"]
[Result "1-0"]
[WhiteElo "2055"]
[BlackElo "1881"]
[PlyCount "71"]
[EventDate "2016.10.01"]
[EventType "swiss"]
[EventRounds "7"]
[EventCountry "ESP"]
[SourceTitle "EXT 2024"]
[Source "ChessBase"]
[SourceDate "2023.10.10"]
[SourceVersion "1"]
[SourceVersionDate "2023.10.10"]
[SourceQuality "1"]

1. Nf3 d5 2. g3 Nc6 3. Bg2 e5 4. d3 f5 5. 0-0 Nf6 6. c4 dxc4 7. Qa4 cxd3 8. Nxe5 Bd7 9. Nxd7 Qxd7 10. exd3 Be7 11. Nc3 Nd4 12. Bxb7 Qxa4 13. Nxa4 Rd8 14. Rd1 Ng4 15. Bg2 0-0 16. h3 Ne5 17. Bf1 Rf6 18. Bf4 Nef3+ 19. Kg2 g5 20. Bxc7 Rc8 21. Rac1 f4 22. Bxf4 Rcf8 23. Be3 g4 24. Rc4 gxh3+ 25. Kh1 Nf5 26. Bf4 Rg6 27. Bxh3 N5d4 28. Be3 Nf5 29. Rg4 Nxe3 30. Rxg6+ hxg6 31. fxe3 Rf6 32. Rf1 g5 33. Nc3 g4 34. Bxg4 Rh6+ 35. Kg2 Ne5 36. Be2 1-0

[Event "Mislata op 50th"]
[Site "Mislata"]
[Date "2016.08.09"]
[Round "2"]
[White "Aymerich Rosell, Pablo"]
[Black "Balada Moreno, Jose Luis"]
[Result "0-1"]
[WhiteElo "2162"]
[BlackElo "2029"]
[PlyCount "84"]
[EventDate "2016.08.08"]
[EventType "swiss"]
[EventRounds "9"]
[EventCountry "ESP"]
[SourceTitle "EXT 2017"]
[Source "ChessBase"]
[SourceDate "2016.10.25"]
[SourceVersion "1"]
[SourceVersionDate "2016.10.25"]
[SourceQuality "1"]

1. d4 Nf6 2. c4 g6 3. Nc3 Bg7 4. e4 d6 5. Be2 Na6 6. Bg5 h6 7. Be3 c6 8. h3 Bd7 9. Qd2 Qa5 10. Nf3 Rd8 11. 0-0 g5 12. a3 g4 13. b4 Qh5 14. Nh2 Qg6 15. Nxg4 Nxg4 16. Bxg4 Bxg4 17. hxg4 Qxg4 18. f3 Qg6 19. Rad1 Nc7 20. Ne2 h5 21. Nf4 Qh7 22. d5 0-0 23. Qf2 Ne8 24. Bxa7 Ra8 25. dxc6 bxc6 26. Rd3 c5 27. Bb6 Bd4 28. Rxd4 cxd4 29. Nd5 e5 30. c5 f5 31. Qg3+ Kh8 32. cxd6 fxe4 33. Qxe5+ Ng7 34. Bxd4 exf3 35. gxf3 Rf5 36. Qe6 Rg5+ 37. Kh1 Rg6 38. Qe7 Qg8 39. Nc7 Qc8 40. Qh4 Kh7 41. Nxa8 Nf5 42. Qf4 Ng3+ 0-1

[Event "Mislata op 13th"]
[Site "Mislata"]
[Date "2005.08.20"]
[Round "3"]
[White "Balada Moreno, Jose Luis"]
[Black "Abreu Delgado, Aryam"]
[Result "0-1"]
[WhiteElo "2206"]
[BlackElo "2442"]
[PlyCount "50"]
[EventDate "2005.08.18"]
[EventType "swiss"]
[EventRounds "9"]
[EventCountry "ESP"]
[SourceTitle "CBM 107 Extra"]
[Source "ChessBase"]
[SourceDate "2005.09.01"]
[SourceVersion "1"]
[SourceVersionDate "2005.09.01"]
[SourceQuality "1"]

1. Nf3 d5 2. g3 Nf6 3. Bg2 c6 4. 0-0 Bf5 5. d3 h6 6. Nbd2 e6 7. c4 Nbd7 8. b3 Be7 9. Bb2 0-0 10. h3 a5 11. Re1 Bh7 12. e4 Nc5 13. Bxf6 Bxf6 14. e5 Be7 15. d4 Nd3 16. Rf1 a4 17. cxd5 cxd5 18. Ne1 Bb4 19. Ndf3 Nxe1 20. Nxe1 Qa5 21. Rc1 Ba3 22. b4 Bxb4 23. Nc2 Bd2 24. Ra1 Qc3 25. Ne1 Qb2 0-1

[Event "Mislata op 12th"]
[Site "Mislata"]
[Date "2004.08.26"]
[Round "8"]
[White "Balada Moreno, Jose Luis"]
[Black "Sanchez Corujo, Jose Ignacio"]
[Result "1/2-1/2"]
[WhiteElo "2194"]
[BlackElo "2263"]
[PlyCount "27"]
[EventDate "2004.08.19"]
[EventType "swiss"]
[EventRounds "9"]
[EventCountry "ESP"]
[SourceTitle "EXT 2005"]
[Source "ChessBase"]
[SourceDate "2004.11.15"]
[SourceVersion "1"]
[SourceVersionDate "2004.11.15"]
[SourceQuality "1"]

1. e4 c5 2. Nf3 e6 3. d4 cxd4 4. Nxd4 a6 5. c4 Nf6 6. Nc3 d6 7. Be2 Nbd7 8. Be3 Qc7 9. Rc1 b6 10. f3 h5 11. a3 Bb7 12. b4 Rc8 13. 0-0 Be7 14. Qd2 1/2-1/2

[Event "Mislata op 12th"]
[Site "Mislata"]
[Date "2004.08.24"]
[Round "6"]
[White "Balada Moreno, Jose Luis"]
[Black "Gomez Manzano, Francisco Carlos"]
[Result "1-0"]
[WhiteElo "2194"]
[BlackElo "2014"]
[PlyCount "113"]
[EventDate "2004.08.19"]
[EventType "swiss"]
[EventRounds "9"]
[EventCountry "ESP"]
[SourceTitle "EXT 2005"]
[Source "ChessBase"]
[SourceDate "2004.11.15"]
[SourceVersion "1"]
[SourceVersionDate "2004.11.15"]
[SourceQuality "1"]

1. e4 c5 2. Nc3 d6 3. f4 Nc6 4. Nf3 Bg4 5. Bb5 a6 6. Bxc6+ bxc6 7. h3 Bc8 8. d3 g6 9. 0-0 Bg7 10. Qe1 Nf6 11. Bd2 0-0 12. Kh2 Rb8 13. b3 Nd7 14. Rd1 e6 15. Ne2 a5 16. Bxa5 Nb6 17. a4 Qd7 18. Bc3 f6 19. Qh4 d5 20. g4 Qc7 21. Qg3 dxe4 22. dxe4 Ba6 23. Rfe1 Rbd8 24. Rxd8 Rxd8 25. e5 Nd5 26. exf6 Nxc3 27. Nxc3 Bxf6 28. Ne4 Be7 29. Ne5 Rd4 30. c3 Rd8 31. c4 Bc8 32. h4 Rd4 33. h5 Qd8 34. Kh3 Bd7 35. hxg6 hxg6 36. Nxg6 Be8 37. Nxe7+ Qxe7 38. g5 Bg6 39. Nf6+ Kg7 40. Qh4 Bf5+ 41. Kh2 Qd8 42. Re2 Rd3 43. Nh5+ Kf7 44. Ng3 Bg6 45. Qg4 Qd7 46. Rf2 Qd4 47. Re2 Qd6 48. Kg2 Rxb3 49. f5 exf5 50. Nxf5 Bxf5 51. Qxf5+ Kg7 52. Qe5+ Qxe5 53. Rxe5 Rb4 54. Rxc5 Rxa4 55. Rxc6 Ra5 56. g6 Ra3 57. Kf2 1-0

[Event "Autonomico-chT"]
[Site "Aragon"]
[Date "2003.??.??"]
[Round "?"]
[White "Cascales Limorti, Carlos"]
[Black "Balada Moreno, Jose Luis"]
[Result "0-1"]
[WhiteElo "2223"]
[BlackElo "2212"]
[PlyCount "50"]
[EventDate "2003.??.??"]
[EventType "team-tourn"]
[EventRounds "9"]
[EventCountry "ESP"]
[SourceTitle "EXT 2007"]
[Source "ChessBase"]
[SourceDate "2006.11.23"]
[SourceVersion "1"]
[SourceVersionDate "2006.11.23"]
[SourceQuality "1"]

1. d4 Nf6 2. c4 g6 3. Nc3 Bg7 4. e4 0-0 5. Be3 d6 6. f3 c6 7. Qd2 a6 8. Bh6 b5 9. Bxg7 Kxg7 10. a3 Nbd7 11. d5 cxd5 12. Nxd5 bxc4 13. Bxc4 Rb8 14. Nxf6 Nxf6 15. b4 a5 16. b5 a4 17. Ne2 Bd7 18. Rb1 Qc7 19. Rb4 Rfc8 20. Kf2 Bxb5 21. Bxb5 Qc5+ 22. Qd4 Rxb5 23. Rxa4 Rb2 24. Rd1 Qb5 25. Re1 Rcc2 0-1